All Pokémon with Prankster - Statistics

General Stats
  • This quiz has been taken 4 times
  • The average score is 16 of 19
Answer Stats
(Avail)ability Pokémon % Correct
First Ability Cottonee
100%
First Ability Grimmsnarl
100%
First Ability Impidimp
100%
First Ability Klefki
100%
First Ability Morgrem
100%
First Ability Whimsicott
100%
Hidden Ability Grafaiai
75%
Hidden Ability Illumise
75%
Hidden Ability Liepard
75%
Only Ability Mega Banette
75%
Hidden Ability Meowstic♂
75%
Hidden Ability Murkrow
75%
Hidden Ability Purrloin
75%
Hidden Ability Sableye
75%
Hidden Ability Shroodle
75%
First Ability Thundurus (Incarnate Forme)
75%
First Ability Tornadus (Incarnate Forme)
75%
Hidden Ability Volbeat
75%
Hidden Ability Riolu
50%
No matching quizzes found
Score Distribution
Percent of People with Each Score
Percentile by Number Answered
Your Score History
You have not taken this quiz